[Event "Finistere-chB 0405"]
[Site "Finistere"]
[Date "2005.05.03"]
[Round "6"]
[White "Criton, Michel"]
[Black "Buffard, Patricia"]
[Result "0-1"]
[WhiteElo "1580"]
[BlackElo "1350"]
[PlyCount "48"]
[EventDate "2004.10.16"]
[EventType "swiss"]
[EventRounds "7"]
[EventCountry "FRA"]
[SourceTitle "EXT 2007"]
[Source "ChessBase"]
[SourceDate "2006.11.23"]
[SourceVersion "1"]
[SourceVersionDate "2006.11.23"]
[SourceQuality "1"]

1. e4 e5 2. Nf3 Nc6 3. Bb5 Bc5 4. 0-0 Qf6 5. Nc3 Nge7 6. a3 a6 7. Bc4 d6 8. h3 0-0 9. b4 Ba7 10. Bb2 Qg6 11. Kh1 Be6 12. Nd5 Rac8 13. d3 Bxd5 14. exd5 Nd4 15. Bc1 Nef5 16. c3 Nxf3 17. Qxf3 Nh4 18. Qe4 Nf5 19. Bb3 Bxf2 20. Qf3 Ng3+ 21. Kh2 Nxf1+ 22. Kh1 Qg3 23. Qxg3 Nxg3+ 24. Kh2 f5 0-1

[Event "Finistere-chT 0304"]
[Site "Finistere"]
[Date "2003.12.20"]
[Round "3.15"]
[White "Chetail, Guillaume"]
[Black "Criton, Michel"]
[Result "1-0"]
[WhiteElo "1330"]
[BlackElo "1540"]
[PlyCount "75"]
[EventDate "2003.10.??"]
[EventType "team-swiss"]
[EventRounds "6"]
[EventCountry "FRA"]
[SourceTitle "EXT 2005"]
[Source "ChessBase"]
[SourceDate "2004.11.15"]
[SourceVersion "1"]
[SourceVersionDate "2004.11.15"]
[SourceQuality "1"]

1. g3 d5 2. Bg2 Nf6 3. d4 e6 4. e3 b6 5. Nc3 Bb7 6. b3 Nbd7 7. Bb2 c5 8. Nf3 a6 9. dxc5 bxc5 10. 0-0 Be7 11. Ne2 0-0 12. Nf4 Qc7 13. Nh4 g5 14. Nh5 gxh4 15. Nxf6+ Bxf6 16. Qg4+ Kh8 17. Bxf6+ Nxf6 18. Qxh4 Ne4 19. Bxe4 dxe4 20. Qf6+ Kg8 21. h4 Qd8 22. Qf4 f5 23. Rad1 Qf6 24. Qc7 Rf7 25. Rd7 Rxd7 26. Qxd7 Qf7 27. Qd6 Rc8 28. Rd1 Qe8 29. Qf4 Kf7 30. Qh6 Ba8 31. Qxh7+ Kf6 32. Rd7 Qg8 33. Qe7+ Ke5 34. Qd6+ Kf6 35. Qf4 Re8 36. c4 e5 37. Qh6+ Qg6 38. Rd6+ 1-0

[Event "Finistere-ch"]
[Site "Finistere"]
[Date "2002.10.19"]
[Round "1"]
[White "Le Morzellec, Daniel"]
[Black "Criton, Michel"]
[Result "1-0"]
[WhiteElo "1780"]
[BlackElo "1450"]
[PlyCount "81"]
[EventDate "2003.10.19"]
[EventType "swiss"]
[EventRounds "7"]
[EventCountry "FRA"]
[SourceTitle "EXT 2008"]
[Source "ChessBase"]
[SourceDate "2007.11.25"]
[SourceVersion "1"]
[SourceVersionDate "2007.11.25"]
[SourceQuality "1"]

1. d4 Nf6 2. c4 g6 3. Nc3 Bg7 4. Nf3 d6 5. Bg5 Bg4 6. e3 0-0 7. Be2 Nbd7 8. h3 Bxf3 9. Bxf3 c6 10. 0-0 Ne8 11. e4 f6 12. Be3 e5 13. Bg4 Nc7 14. Qb3 Kh8 15. Rad1 Rb8 16. Bxd7 Qxd7 17. dxe5 fxe5 18. Bxa7 Rbd8 19. Bb6 Rf6 20. Be3 Rb8 21. a4 Ne6 22. Ne2 Rff8 23. Qd3 Rbd8 24. Bb6 Nc7 25. b3 Qe7 26. Qd2 Rf7 27. Kh1 Qf8 28. Ng1 Rdd7 29. Nf3 Rxf3 30. gxf3 Qxf3+ 31. Kh2 Ne6 32. Qe3 Qh5 33. Qg3 Bh6 34. Be3 Bf4 35. Bxf4 Nxf4 36. Qg4 Qxg4 37. hxg4 Rf7 38. Rxd6 h5 39. gxh5 gxh5 40. f3 Kh7 41. Rg1 1-0

[Event "Finistere-chT 0102"]
[Site "Finistere"]
[Date "2002.03.16"]
[Round "6.13"]
[White "Fraval, Guy"]
[Black "Criton, Michel"]
[Result "0-1"]
[WhiteElo "1380"]
[BlackElo "1460"]
[PlyCount "92"]
[EventDate "2001.??.??"]
[EventType "team-tourn"]
[EventRounds "7"]
[EventCountry "FRA"]
[SourceTitle "EXT 2003"]
[Source "ChessBase"]
[SourceDate "2002.11.25"]
[SourceVersion "1"]
[SourceVersionDate "2002.11.25"]
[SourceQuality "1"]

1. d4 Nf6 2. c4 g6 3. Nc3 Bg7 4. e4 d6 5. Be2 0-0 6. Nf3 Nbd7 7. Be3 Ng4 8. Bg5 Qe8 9. Nd2 Nxf2 10. Kxf2 Bxd4+ 11. Be3 Bxe3+ 12. Kxe3 Ne5 13. Kf2 f5 14. exf5 Bxf5 15. Nf3 Ng4+ 16. Kg1 c6 17. h3 Nf6 18. Kh2 Rd8 19. Re1 e5 20. Qb3 Rd7 21. Rad1 Kg7 22. Bd3 Bxd3 23. Rxd3 Qb8 24. Nh4 e4 25. Rg3 d5 26. cxd5 cxd5 27. Nf5+ Kh8 28. Nd4 Nh5 29. Ree3 Nxg3 30. Rxg3 Qe5 31. Qb4 Re8 32. Qa4 Rde7 33. Nce2 a6 34. Kg1 Rf8 35. Qa5 Ref7 36. Qc5 Rf1+ 37. Kh2 h5 38. Nf3 exf3 39. Qxf8+ Kh7 40. Nf4 f2 41. Qf7+ Qg7 42. Qxg7+ Kxg7 43. Nxh5+ Kh6 44. Nf4 Rh1+ 45. Kxh1 f1Q+ 46. Kh2 Qxf4 0-1

[Event "Finistere-chT 0102"]
[Site "Finistere"]
[Date "2001.10.20"]
[Round "1.6"]
[White "Criton, Michel"]
[Black "Le Goff, Damien"]
[Result "0-1"]
[WhiteElo "1880"]
[BlackElo "1490"]
[PlyCount "58"]
[EventDate "2001.??.??"]
[EventType "team-tourn"]
[EventRounds "7"]
[EventCountry "FRA"]
[SourceTitle "EXT 2003"]
[Source "ChessBase"]
[SourceDate "2002.11.25"]
[SourceVersion "1"]
[SourceVersionDate "2002.11.25"]
[SourceQuality "1"]

1. e4 c5 2. Nf3 d6 3. g3 Nf6 4. d3 g6 5. Bg2 Nc6 6. c3 Bg7 7. 0-0 Bg4 8. Be3 Qd7 9. Nbd2 b5 10. Qc2 Bxf3 11. Nxf3 0-0 12. Nd2 Rab8 13. Rac1 Rfc8 14. f4 b4 15. Nb1 e6 16. h3 Ne7 17. Qf2 Ne8 18. e5 Nf5 19. d4 Nxe3 20. Qxe3 bxc3 21. Qxc3 cxd4 22. Qxd4 d5 23. Qf2 Nc7 24. Rc5 Bf8 25. Ra5 Rb5 26. Qd2 Bb4 27. Rxa7 Bxd2 28. Nxd2 Rxb2 29. Nf3 Qc6 0-1